Análisis de costos y presupuesto del tramo de carretera de 9 km ubicada en Paso carreta – Paso Real Sebaco, municipio de Matagalpa, departamento de Matagalpa

El presente trabajo se realizó con la finalidad de crear un documento complementario para la asignatura de Costo y Presupuesto impartida en la Universidad Nacional de Ingeniería, enfocándose en el cálculo de volúmenes de obra y materiales para un proyecto de adoquinado y mejoramiento vial ubica...

Full description

Bibliographic Details
Main Author: Oviedo Sequeira, Humberto José
Other Authors: Tutor: Matus Lazos, Iván Antonio
Format: Tesis Section = Libro
Language:Undetermined
Spanish
Published: Managua UNI 2021
Subjects:
LEADER 01335nam a2200277Ia 4500
008 240830s9999 xx 000 0 und d
040 |a BIBLIOTECA-RUPAP Mon 625.85 O96 
041 |a spa 
082 |a Mon 625.85 O96 
100 1 |a Oviedo Sequeira, Humberto José  
245 1 0 |a Análisis de costos y presupuesto del tramo de carretera de 9 km ubicada en Paso carreta – Paso Real Sebaco, municipio de Matagalpa, departamento de Matagalpa 
260 |a Managua  |b UNI  |c 2021 
300 |a 129 p. :il. 
500 |a Contiene: anexos y CD. 
502 |a Tesis (Ingeniero Civil)- UNI, 2021. 
520 3 |a El presente trabajo se realizó con la finalidad de crear un documento complementario para la asignatura de Costo y Presupuesto impartida en la Universidad Nacional de Ingeniería, enfocándose en el cálculo de volúmenes de obra y materiales para un proyecto de adoquinado y mejoramiento vial ubicado en la parte rural de Sebaco 
650 7 |a PAVIMENTOS-DISEÑO Y CONSTRUCCION 
650 7 |b  PAVIMENTO DE ASFALTO 
650 7 |c  CARRETERAS-MANTENIMIENTO Y REPARACION 
650 7 |d  CONSTRUCCION DE CARRETERAS-COSTOS Y PRESUPUESTO 
650 7 |e  MATERIALES PARA CARRETERAS-COSTOS 
650 7 |f  COSTOS DE MANO DE OBRA. 
700 1 |a Tutor:  |b Matus Lazos, Iván Antonio 
942 |c BK  |2 ddc 
991 |a TESIS 
999 |c 18852